00000000nam 2200000za 4500
0019.831712
003CaOODSP
00520221107145819
007cr |||||||||||
008170202s1992    xxcbd  #o    f|0| 0 fre d
020 |qimprimé : |z0-662-97684-3
040 |aCaOODSP|bfre
043 |an-cn---
0861 |aNH15-75/1992F-PDF|zNH15-75/1992F
24503|aLa diversité dans les collectivités |h[ressource électronique] : |bles particularités régionales du logement au Canada. Rapport sommaire.
260 |a[Ottawa] : |bSociété canadienne d'hypothèques et de logement, |cc1992.
300 |aiii, 47 p. : |bcartes, graphiques.
500 |aPubli. aussi en anglais sous le titre : Communities of diversity : regional differences in Canada's housing. Summary report.
500 |aÉdition numérisée de l’imprimée.
520 |a« Au Canada, les discussions au sujet des écarts importants en ce qui a trait aux attitudes et aux modes de vie personnels, au développement économique et aux conditions sociales, à la culture et à la politique, qu'on retrouve dans diverses régions, sont monnaie courante. Étrangement, une question qui pourrait équivaloir à une obsession nationale dans d'autres domaines a rarement été examinée en rapport avec Ie secteur du logement. En fait, Ie présent rapport est Ie premier document exhaustif faisant état de la nature, de l'étendue et des causes des différences régionales dans Ie secteur du logement au Canada »--Introduction, p. 1.
69207|2gccst|aLogement
7102 |aSociété canadienne d'hypothèques et de logement.
77508|tCommunities of diversity |w(CaOODSP)9.831709
85640|qPDF|s56.44 Mo|uhttps://publications.gc.ca/collections/collection_2017/schl-cmhc/NH15-75-1992-fra.pdf
986 |aLNH 6630